000
00280nam a2200109Ia 4500
008
230907s9999||||xx |||||||||||||| ||und||
082
_a
621.319
_b
LEV
100
_a
P.Levy
_9
115412
245
0
_a
simulating power system using matlab and simulink
260
_a
N.A
_b
N.A
942
_c
BK
999
_c
598337
_d
598337